000 01386nam a2200397 a 4500
001 48308
003 FlNmELB
005 20241216231934.0
006 m o d |
007 cr cn|||||||||
008 201210r2010 sp |||||s|||||||||||eng d
020 _z9788497884877
035 _a(MiAaPQ)EBC3201714
035 _a(Au-PeEL)EBL3201714
035 _a(CaPaEBR)ebr10592685
035 _a(OCoLC)929374874
040 _aFlNmELB
_bspa
_cFlNmELB
050 4 _aLB2325
_bT955 2010
080 _a378.4
082 0 4 _a378
_222
245 0 0 _aTurning the university upside down
_h[recurso electronico] :
_bactions for the near future /
_cImma Tubella, Begoña Gros (eds.).
260 _aBarcelona :
_bEditorial UOC,
_c2010.
300 _a220 p.
490 1 _aUOCInnova ;
_v1
533 _aRecurso electrónico. Santa Fe, Arg.: e-libro, 2015. Disponible vía World Wide Web. El acceso puede estar limitado para las bibliotecas afiliadas a e-libro.
650 4 _aEnseñanza universitaria.
650 4 _aEducación y globalización.
650 4 _aEducation, Higher.
650 4 _aEducation and globalization.
655 4 _aLibros electrónicos.
700 1 _aTubella, Imma, (
_d1953-),
_eed.
700 1 _aGros Salvat, Begoña,
_eed.
710 2 _ae-libro, Corp.
830 0 _aUOCInnova.
_lAnglès ;
_v1.
856 4 0 _uhttps://elibro.net/ereader/politecnicointernacional/33494
999 _c48308
_d48308